000 00769nam a2200289Ia 4500
001 57160
003 IT-RoPAU
008 130308s9999 xx 000 0 und d
040 _aIT-RoPAU
040 _cIT-RoPAU
041 _aITALIANO
100 _aGuarda Guido
100 _gCodice Aut. SPICS: 5737
245 _aAttore topo Gigio (L')
245 _bSpot in Italy-30 Anni di Pubblicita' televisiva Italiana
250 _a1a ed.
260 _aTORINO
260 _bERI - Edizioni Rai
260 _c1987 [1° Ed.:1987 - Ed.Ling.Originale:1987]
300 _a"2 p. (prefazione: no ; testo: 2 [pagine: 248-249])"
650 _aSAGGI DI PUBBLICITA'
650 _eCodice materia Spics: 6211
942 _cBK
957 _71
999 _c48675
_d48675
999 _bSI
999 _g1